00676nam a22002057a 450000500170000001000130001702000220003003500710005203700160012308200110013910000220015024500670017226000370023927000590027630000200033549000550035565000180041065000200042870000220044820190517154236.0 aB-222101 c60.00a8126021160 aB-222101, B-222111, B-222105, B-222125 B-222132 B-222134,B-222127 bCen Lib/Ret aSbMOH aMohanty, Binapani aPatadei /cby Binapani Mohanty; translated by Ashok K. Mohanty bSahitya AkademiaNew Delhic2005 bNew DelhiaRabindra Bhawan, 35, ferozshah Roade110001 a120p.c22cm(Hb) aAkademi award-winning oriya short story collection aShort stories aEnglish fiction aMohanty, Ashok K.